03054nam a2200301Ia 4500003000400000005001700004008004100021020001800062040002100080041000800101082002100109100005200130245009600182250002200278260004300300300007700343490001500420500007200435504003800507505061900545520131301164650002702477650004902504650003902553942001202592999001502604952013302619OSt20210903090600.0210310s2012 ck ad fr 000 0dspa d a9789587620498 aCO-JMCRcCO-JMCR0 aspa04a339 /bV297m2231 aVargas Valbuena, Martha Alicia, 917340eautora10aMacroeconomía básica : bcon indicadores económicos / cMartha Alicia Vargas Valbuena aPrimera edición aBogotá : bEdiciones de la U, c2012 b205 páginas : ailustraciones y gráficas a blanco y negro ; c24 cm.0 aEconomía aIncluye notas a pie de página y datos biográficos de la autora. aBibliografía: páginas 203-2050 aLa economía: planeta Tierra y especie humana -- Efectos económicos de las interacciones entre el planeta Tierra y la especie humana -- Macroeconomía -- Determinación de las principales macromagnitudes o agregados -- Los agentes económicos y su influencia -- Nivel general de precios, tasas e inflación y ciclos económicos -- La producción de un país como agregado básico -- Cuantificación y crecimiento de la producción -- Limitaciones de la macroeconomía -- Políticas macroeconómicas -- Cómo leer e interpretar la economía -- Comparativo de los hechos o categorías económicas3 aMi experiencia docente de más de 20 años, me ha mostrado la necesidad de considerar la funcionalidad de los conocimientos y por ende la didáctica de las disciplinas, haciendo entendibles los temas y sus relaciones; por tal razón este documento, más que mostrar la historia de las teorías, el diseño de modelos y los postulados de los grandes pensadores, se limitará a dar las pautas para conocer y comprender el funcionamiento de la Economía de manera elemental, permitiendo la asimilación de los temas. Para lograr este cometido se utilizará en lo posible un lenguaje sencillo, claro y descriptivo, así como fotografías, gráficas, diagramas, tablas y figuras que enriquezcan los contenidos y faciliten la comprensión de los mismos. Propongo un nuevo método de ver o estudiar la economía, reorganizando los contenidos y dándoles una secuencia lógica, la cual se basa en las preguntas y dudas más recurrentes de los estudiantes de las distintas universidades de Bogotá en las que he prestado mis servicios; en algunos temas y a propósito, se repetirán conceptos, para reforzar el aprendizaje. Así mismo, al inicio de cada capitulo se plantean las competencias a obtener con su lectura y al final se proponen actividades para verificar los aprendizajes logrados.14aMacroeconomía91734224aAgentes económicos y su influencia 93994324aPrincipales macromagnitudes939944 2ddccBK c8461d8461 00102ddc40708NFICaCPLbCPLd2018-04-15eDonaciónl2m2o339 / V297mp430000272r2026-02-26 16:21:49s2026-02-26tEj.1yBK